An Inspector Calls - Character Quiz - Statistics

General Stats
  • This quiz has been taken 860 times
  • The average score is 8 of 11
Answer Stats
Hint Answer % Correct
Potentially a ghost or not a real person. Inspector Goole
98%
Uses force to get what he wants, brings himself more trouble trying to fix this. Eric Birling
96%
Believes all lower class people are the same ('a girl of that sort..'). Mrs Birling
96%
Thinks he is a saviour, a knight in shining armour. Uses women for his own game. Gerald Croft
95%
Doesn't like 'troublemakers' and wants to protect women from the real world. Mr Birling
94%
A very jealous girl, however she is more mature than the audience are first led to believe. Sheila Birling
94%
Never seen on stage, could be many people or even fake. Eva Smith/Daisy Renton
92%
The only lower class woman ever seen on stage. Edna
72%
Was never able to be born, died in the womb. Eva Smith's Baby
49%
A family of higher class than the Birlings. The Crofts
28%
A man who harasses women on the regular down in town at the Palace Bar. Alderman Joe Meggarty
25%
No matching quizzes found
Score Distribution
Percent of People with Each Score
Percentile by Number Answered
Your Score History
You have not taken this quiz